El secreto de la innovación / (Registro nro. 7332)
[ vista simple ]
| 000 -LEADER | |
|---|---|
| fixed length control field | 02248nam a22002657a 4500 |
| 003 - CONTROL NUMBER IDENTIFIER | |
| control field | OSt |
| 005 - DATE AND TIME OF LATEST TRANSACTION | |
| control field | 20210225151509.0 |
| 008 - FIXED-LENGTH DATA ELEMENTS--GENERAL INFORMATION | |
| fixed length control field | 210225s2019 ck ad||fr|||| 00| 0dspa d |
| 020 ## - INTERNATIONAL STANDARD BOOK NUMBER | |
| International Standard Book Number | 9789584880550 |
| 040 ## - CATALOGING SOURCE | |
| Original cataloging agency | CO-JMCR |
| Transcribing agency | CO-JMCR |
| 041 0# - LANGUAGE CODE | |
| Language code of text/sound track or separate title | spa |
| 082 04 - DEWEY DECIMAL CLASSIFICATION NUMBER | |
| Classification number | 658.4063 / |
| Item number | A495s |
| Edition number | 23 |
| 100 1# - MAIN ENTRY--PERSONAL NAME | |
| Personal name | Ambrad Chalela, Alejandro, |
| Relator term | autor |
| 9 (RLIN) | 11389 |
| 245 13 - TITLE STATEMENT | |
| Title | El secreto de la innovación / |
| Statement of responsibility, etc. | Alejandro Ambrad Chalela |
| 250 ## - EDITION STATEMENT | |
| Edition statement | Segunda edición |
| 260 ## - PUBLICATION, DISTRIBUTION, ETC. | |
| Place of publication, distribution, etc. | [Colombia] : |
| Name of publisher, distributor, etc. | Mentes a la Carta Ediciones, |
| Date of publication, distribution, etc. | 2019 |
| 300 ## - PHYSICAL DESCRIPTION | |
| Extent | 226 página : |
| Other physical details | ilustraciones y gráficos a blanco y negro ; |
| Dimensions | 23 cm. |
| 500 ## - GENERAL NOTE | |
| General note | Incluye notas a pie de página y datos biográficos del autor. |
| 504 ## - BIBLIOGRAPHY, ETC. NOTE | |
| Bibliography, etc. note | Bibliografía: páginas 223-226 |
| 505 0# - FORMATTED CONTENTS NOTE | |
| Formatted contents note | El secreto de las mentes innovadoras -- El secreto de las empresas innovadoras -- El secreto de la innovación |
| 520 3# - SUMMARY, ETC. | |
| Summary, etc. | No sobresalen los mejores, sobresalen quienes se atreven a ser diferentes. Es la palabra de moda, todo el mundo habla sobre innovación. Pero son realmente pocas las personas y las empresas que se atreven a innovar y, entre las que se atreven, solo un pequeño porcentaje lo hace con éxito. Esto se debe a que, a diferencia de otras disciplinas, para innovar no basta con estudiar y aplicar métodos o técnicas. Si queremos innovar con éxito debemos cambiar radicalmente nuestra forma de pensar y de actuar dentro de nuestras empresas. Debemos atrevernos a romper muchos hábitos y creencias profundamente arraigados en nuestra cultura y nuestro ser. Este revolucionario libro habla de la innovación como nunca nadie lo había hecho, derribando absolutamente todos los paradigmas que nos impiden atrevernos a innovar y hacerlo de la forma correcta. A través de múltiples historias de empresas y personas de la vida real, desvelamos los verdaderos secretos que debes conocer si quieres transformar tu mente, preparar tu empresa y crear estrategias de negocio innovadoras y rentables.<br/>Ante la asfixiante competencia que vivimos en prácticamente todos los sectores económicos, innovar se ha convertido en la única forma de desmarcarnos de nuestros competidores. |
| 650 14 - SUBJECT ADDED ENTRY--TOPICAL TERM | |
| Topical term or geographic name entry element | Innovaciones industriales |
| 9 (RLIN) | 13954 |
| 650 24 - SUBJECT ADDED ENTRY--TOPICAL TERM | |
| Topical term or geographic name entry element | Cambio organizacional |
| 9 (RLIN) | 11863 |
| 942 ## - ADDED ENTRY ELEMENTS (KOHA) | |
| Source of classification or shelving scheme | Dewey Decimal Classification |
| Koha item type | Books |
No hay ítems disponibles.